[Event "Province VR 80th"]
[Site "Zevio Verona"]
[Date "2020.01.26"]
[Round "5.8"]
[White "Giovanni, Giuseppe"]
[Black "Rizzati, Aldo"]
[Result "0-1"]
[WhiteElo "1642"]
[BlackElo "1744"]
[PlyCount "92"]
[EventDate "2020.01.24"]
[EventType "swiss"]
[EventRounds "5"]
[EventCountry "ITA"]
[SourceTitle "EXT 2024"]
[Source "ChessBase"]
[SourceDate "2023.10.10"]
[SourceVersion "1"]
[SourceVersionDate "2023.10.10"]
[SourceQuality "1"]

1. e4 e5 2. Nf3 Nc6 3. Bc4 Be7 4. d4 exd4 5. Nxd4 Nf6 6. Nxc6 dxc6 7. Qxd8+ Bxd8 8. 0-0 0-0 9. Nc3 b5 10. Bd3 Be7 11. Bf4 Ne8 12. a3 Be6 13. Ne2 Bc5 14. b4 Bb6 15. a4 bxa4 16. Rxa4 Nd6 17. Rc1 Nc4 18. Kf1 Rfd8 19. Bg3 f6 20. Ke1 a5 21. bxa5 Bxa5+ 22. Kf1 Nb2 23. Ra3 Bb6 24. Rc3 c5 25. Nf4 Bf7 26. Rb1 Ra2 27. f3 Na4 28. Rcb3 c4 29. Rxb6 cxb6 30. Be2 Nb2 31. Nd5 Bxd5 32. exd5 b5 33. d6 Kf7 34. f4 Rxd6 35. Be1 Rd7 36. Bc3 Na4 37. Be1 Rb2 38. Rc1 f5 39. Bf3 Rd4 40. g3 Rd6 41. Ba5 c3 42. Bc7 Rd2 43. Bd1 Rxh2 44. g4 fxg4 45. f5 Rh5 46. Bxg4 Rh1+ 0-1

[Event "Province VR 80th"]
[Site "Zevio Verona"]
[Date "2020.01.26"]
[Round "4.11"]
[White "Rizzati, Aldo"]
[Black "Leone, Cataldo"]
[Result "1-0"]
[WhiteElo "1744"]
[BlackElo "1503"]
[PlyCount "87"]
[EventDate "2020.01.24"]
[EventType "swiss"]
[EventRounds "5"]
[EventCountry "ITA"]
[SourceTitle "EXT 2024"]
[Source "ChessBase"]
[SourceDate "2023.10.10"]
[SourceVersion "1"]
[SourceVersionDate "2023.10.10"]
[SourceQuality "1"]

1. d4 d5 2. c4 c6 3. Nf3 Nf6 4. Nc3 e6 5. Bg5 Nbd7 6. e3 Qa5 7. Bxf6 Nxf6 8. a3 Ne4 9. Qc2 Bb4 10. Rc1 Bxc3+ 11. bxc3 Qxa3 12. Bd3 f5 13. 0-0 0-0 14. Ne5 Qe7 15. f3 Nd6 16. c5 Nf7 17. Nxf7 Rxf7 18. f4 Bd7 19. Rb1 Bc8 20. Rf2 Qc7 21. g4 g6 22. g5 Bd7 23. Qa2 Rff8 24. Rfb2 Rfb8 25. c4 b6 26. cxd5 cxd5 27. Rc2 b5 28. c6 Bxc6 29. Rbc1 Rb6 30. Bxb5 Rxb5 31. Rxc6 Qa5 32. Qc2 Rbb8 33. Rxe6 Qd8 34. Qa2 a5 35. Re5 Rb5 36. Rc5 Rab8 37. Rxb5 Rxb5 38. Qc2 Qb8 39. Qc6 Rb1+ 40. Kg2 Rb2+ 41. Kh3 Kf7 42. Qxd5+ Kf8 43. Qc5+ Kf7 44. Re7+ 1-0

[Event "Chioggia op-B 14th"]
[Site "Chioggia"]
[Date "2019.10.06"]
[Round "5"]
[White "Gomirato, Anna"]
[Black "Rizzati, Aldo"]
[Result "1-0"]
[WhiteElo "1551"]
[BlackElo "1737"]
[PlyCount "43"]
[EventDate "2019.10.04"]
[EventType "swiss"]
[EventRounds "5"]
[EventCountry "ITA"]
[SourceTitle "EXT 2022"]
[Source "ChessBase"]
[SourceDate "2021.10.06"]
[SourceVersion "1"]
[SourceVersionDate "2021.10.06"]
[SourceQuality "1"]

1. e4 e5 2. Nf3 Nc6 3. d4 exd4 4. Nxd4 d6 5. Bc4 Nf6 6. Nc3 Be7 7. 0-0 0-0 8. h3 Re8 9. Be3 a6 10. f4 Bf8 11. Qf3 Nxd4 12. Bxd4 b5 13. Bxf6 gxf6 14. Bd3 Bb7 15. Qh5 b4 16. Rf3 f5 17. Rg3+ Kh8 18. Qxf5 bxc3 19. e5 Qh4 20. Rg5 Bg7 21. Rh5 Qe7 22. Qxh7# 1-0

[Event "Chioggia op-B 14th"]
[Site "Chioggia"]
[Date "2019.10.06"]
[Round "4"]
[White "Rizzati, Aldo"]
[Black "Cekanauskas, Justas"]
[Result "0-1"]
[WhiteElo "1737"]
[BlackElo "1701"]
[PlyCount "96"]
[EventDate "2019.10.04"]
[EventType "swiss"]
[EventRounds "5"]
[EventCountry "ITA"]
[SourceTitle "EXT 2022"]
[Source "ChessBase"]
[SourceDate "2021.10.06"]
[SourceVersion "1"]
[SourceVersionDate "2021.10.06"]
[SourceQuality "1"]

1. d4 d5 2. Nf3 Nf6 3. c4 c6 4. e3 e6 5. Nc3 Bd6 6. Bd2 0-0 7. Rc1 b6 8. Qc2 Ba6 9. b3 Nbd7 10. Bd3 Bb4 11. 0-0 h6 12. e4 Bxc3 13. Bxc3 dxe4 14. Bxe4 Nxe4 15. Qxe4 Rc8 16. Rfd1 Nf6 17. Qh4 Nh7 18. Qg3 Qc7 19. Ne5 Rfd8 20. Bb2 Nf6 21. Qf3 c5 22. Qe3 cxd4 23. Rxd4 Rxd4 24. Qxd4 Rd8 25. Qc3 Qd6 26. f3 Qd2 27. Nc6 Qxc3 28. Bxc3 Ra8 29. Be5 Bb7 30. Nd4 Nd7 31. Bg3 Nc5 32. Nb5 Bc6 33. Nd4 Bb7 34. b4 Nd3 35. Rb1 Rc8 36. Rb3 Nc1 37. Ra3 Rxc4 38. Rxa7 Bd5 39. Nb5 Rxb4 40. Nd6 e5 41. a3 Rb1 42. Kf2 b5 43. Ke3 f6 44. Nf5 Kf8 45. Nxg7 Rb2 46. Ne6+ Bxe6 47. f4 Re2+ 48. Kf3 e4# 0-1

[Event "Verona op-B"]
[Site "Verona"]
[Date "2019.01.06"]
[Round "7"]
[White "Solinas, Roberto"]
[Black "Rizzati, Aldo"]
[Result "1/2-1/2"]
[WhiteElo "1613"]
[BlackElo "1739"]
[PlyCount "106"]
[EventDate "2019.01.02"]
[EventType "swiss"]
[EventRounds "7"]
[EventCountry "ITA"]
[SourceTitle "EXT 2021"]
[Source "ChessBase"]
[SourceDate "2020.10.23"]
[SourceVersion "1"]
[SourceVersionDate "2020.10.23"]
[SourceQuality "1"]

1. c4 Nf6 2. Nc3 e5 3. g3 Bc5 4. Bg2 0-0 5. Rb1 c6 6. e3 d5 7. d4 exd4 8. exd4 Bb4 9. cxd5 cxd5 10. Nge2 Nc6 11. 0-0 Bf5 12. Ra1 Rc8 13. Bg5 Ne7 14. Rc1 Qd7 15. Bxf6 gxf6 16. Nf4 Bxc3 17. Rxc3 Rxc3 18. bxc3 Rc8 19. Qb3 Rc6 20. Nxd5 Nxd5 21. Bxd5 Rb6 22. Qc4 Rb2 23. Re1 Bh3 24. f4 Kg7 25. Bf3 b6 26. d5 b5 27. Qc5 Qf5 28. Qe3 Qc2 29. Be2 Rxa2 30. g4 Bxg4 31. Qg3 h5 32. h3 f5 33. hxg4 hxg4 34. Qe3 Qd2 35. Qxd2 Rxd2 36. Bxb5 Rxd5 37. Re5 Rd1+ 38. Kf2 Kf6 39. Be2 Rc1 40. c4 Rc3 41. Ra5 g3+ 42. Kg2 Re3 43. Bf3 Rc3 44. c5 Rc1 45. Kxg3 Rg1+ 46. Bg2 Rc1 47. c6 Rc3+ 48. Bf3 Ke6 49. Rxa7 f6 50. Ra6 Ke7 51. Ra1 Kd6 52. Rd1+ Ke6 53. Rd7 Rxf3+ 1/2-1/2

[Event "Chioggia op-B 13th"]
[Site "Chioggia"]
[Date "2018.09.29"]
[Round "3"]
[White "Rizzati, Aldo"]
[Black "Paparella, Stefano"]
[Result "1/2-1/2"]
[WhiteElo "1760"]
[BlackElo "1840"]
[PlyCount "230"]
[EventDate "2018.09.28"]
[EventType "swiss"]
[EventRounds "5"]
[EventCountry "ITA"]
[SourceTitle "EXT 2022"]
[Source "ChessBase"]
[SourceDate "2021.10.06"]
[SourceVersion "1"]
[SourceVersionDate "2021.10.06"]
[SourceQuality "1"]

1. e4 e5 2. Bc4 Nf6 3. d3 Nc6 4. Nf3 d6 5. Bg5 Be7 6. Nbd2 a6 7. a4 h6 8. Bh4 Bd7 9. c3 Qc8 10. d4 exd4 11. Nxd4 0-0 12. 0-0 Ne5 13. Be2 Ng6 14. Bg3 Re8 15. Qc2 Ng4 16. Nf5 N4e5 17. f4 Nc6 18. Nxe7+ Ngxe7 19. Rae1 Ng6 20. Bd3 Nf8 21. Nf3 Rb8 22. Nd4 b5 23. axb5 Nxd4 24. cxd4 Bxb5 25. Bxb5 Rxb5 26. f5 Qb7 27. Re2 Rb8 28. Rff2 Qb6 29. Qd2 Rb4 30. d5 Qc5 31. Qf4 Rxb2 32. Rxb2 Rxb2 33. h3 Nd7 34. Kh2 Rxf2 35. Bxf2 Qc4 36. Bh4 Nc5 37. Bd8 Qxe4 38. Qxe4 Nxe4 39. Bxc7 Nf6 40. Bxd6 Nxd5 41. Kg3 g6 42. fxg6 fxg6 43. Kf3 Kf7 44. Ke4 Ke6 45. Bf8 h5 46. g4 hxg4 47. hxg4 a5 48. Ba3 a4 49. Bb2 Nf6+ 50. Kf4 Ne8 51. Kg5 Kf7 52. Kf4 Nc7 53. Ke5 Nb5 54. Kd5 a3 55. Ba1 a2 56. Kc4 Nd6+ 57. Kb3 Ne4 58. Kxa2 Nf2 59. Kb3 Nxg4 60. Kc4 Ke6 61. Kd3 Kf5 62. Ke2 Kf4 63. Bc3 Kg3 64. Be1+ Kf4 65. Bc3 Nh2 66. Kf2 Nf3 67. Bf6 Nd2 68. Kg2 Ne4 69. Bg7 Kg4 70. Bh6 Kf5 71. Kf3 Nd6 72. Bf8 Ne8 73. Be7 Nc7 74. Bd8 Ne6 75. Be7 Nd4+ 76. Kg3 Ne2+ 77. Kf3 Nf4 78. Bd8 Nd5 79. Kg3 Nf4 80. Be7 Nd5 81. Bd8 Ke6 82. Kg4 Kf7 83. Kg5 Kg7 84. Kg4 Kh6 85. Bg5+ Kg7 86. Bc1 Nf6+ 87. Kg5 Ne4+ 88. Kf4 Nc5 89. Kg4 Nd3 90. Be3 Kf6 91. Bd4+ Kf7 92. Kg5 Ne1 93. Bc3 Nc2 94. Kf4 Na3 95. Kg5 Nc4 96. Bd4 Nd6 97. Be5 Ne4+ 98. Kg4 Ke6 99. Bb2 Nf2+ 100. Kg5 Kf7 101. Bd4 Ne4+ 102. Kf4 Nf6 103. Bxf6 Kxf6 104. Kg4 g5 105. Kg3 Kf5 106. Kf3 g4+ 107. Kg3 Kg5 108. Kg2 Kh4 109. Kh2 g3+ 110. Kg2 Kg4 111. Kg1 Kf4 112. Kg2 Kg4 113. Kg1 Kf3 114. Kf1 g2+ 115. Kg1 Kg3 1/2-1/2

[Event "Chioggia op-B 12th"]
[Site "Chioggia"]
[Date "2017.10.08"]
[Round "5"]
[White "El Khalqi, Mohamed"]
[Black "Rizzati, Aldo"]
[Result "0-1"]
[WhiteElo "1477"]
[BlackElo "1861"]
[PlyCount "74"]
[EventDate "2017.10.06"]
[EventType "swiss"]
[EventRounds "5"]
[EventCountry "ITA"]
[SourceTitle "EXT 2022"]
[Source "ChessBase"]
[SourceDate "2021.10.06"]
[SourceVersion "1"]
[SourceVersionDate "2021.10.06"]
[SourceQuality "1"]

1. e4 e5 2. f4 Nc6 3. Nf3 d6 4. Nc3 Nf6 5. Bb5 Bg4 6. 0-0 Be7 7. h3 Bxf3 8. Qxf3 0-0 9. Bxc6 bxc6 10. d3 Rb8 11. Rb1 c5 12. f5 c6 13. g4 h6 14. h4 Nh7 15. h5 Ng5 16. Bxg5 Bxg5 17. Rf2 a5 18. Ne2 Qb6 19. Kh1 Qb4 20. Ng1 d5 21. Nh3 Bf6 22. b3 c4 23. Rg1 cxd3 24. cxd3 dxe4 25. dxe4 Qe7 26. Rfg2 Bg5 27. Nxg5 Qxg5 28. Qc3 Rfd8 29. Qxc6 Rbc8 30. Qb5 Qe3 31. Qe2 Qg5 32. Qe1 Rd3 33. Qxa5 f6 34. Qe1 Rcc3 35. Re2 Rc8 36. b4 Qf4 37. Rgg2 Rc1 0-1

[Event "Chioggia op-B 12th"]
[Site "Chioggia"]
[Date "2017.10.07"]
[Round "2"]
[White "Rizzati, Aldo"]
[Black "Dolenc, Mile"]
[Result "0-1"]
[WhiteElo "1861"]
[BlackElo "1774"]
[PlyCount "76"]
[EventDate "2017.10.06"]
[EventType "swiss"]
[EventRounds "5"]
[EventCountry "ITA"]
[SourceTitle "EXT 2022"]
[Source "ChessBase"]
[SourceDate "2021.10.06"]
[SourceVersion "1"]
[SourceVersionDate "2021.10.06"]
[SourceQuality "1"]

1. e4 c5 2. Nf3 Nc6 3. d4 cxd4 4. Nxd4 e5 5. Nf3 Bc5 6. Bc4 Nf6 7. 0-0 0-0 8. Nc3 d6 9. a3 Be6 10. Qd3 a6 11. Bg5 Nd4 12. Nd5 Bxd5 13. Bxd5 Qe7 14. b4 Ba7 15. Rfd1 Rac8 16. Rac1 Rc3 17. Qf1 Nxf3+ 18. gxf3 Rxf3 19. Rd2 h6 20. Bh4 g5 21. Kh1 Nxd5 22. Rxd5 Rf4 23. Bg3 Rxe4 24. Qd3 Rd4 25. Rxd4 Bxd4 26. c3 Rc8 27. c4 b5 28. c5 dxc5 29. Qf3 c4 30. h4 Kg7 31. Rg1 Qe6 32. Bh2 f6 33. Qb7+ Kh8 34. Rg2 c3 35. hxg5 fxg5 36. Rg1 Qc6+ 37. Qxc6 Rxc6 38. Rc1 c2 0-1

[Event "Verona Province-ch"]
[Site "Zevio Verona"]
[Date "2014.01.26"]
[Round "5"]
[White "Negro, Raffaele"]
[Black "Rizzati, Aldo"]
[Result "0-1"]
[WhiteElo "1802"]
[BlackElo "1908"]
[PlyCount "50"]
[EventDate "2014.01.18"]
[EventType "swiss"]
[EventRounds "6"]
[EventCountry "ITA"]
[SourceTitle "EXT 2015"]
[Source "ChessBase"]
[SourceDate "2014.11.20"]
[SourceVersion "1"]
[SourceVersionDate "2014.11.20"]
[SourceQuality "1"]

1. d4 Nf6 2. Bf4 d5 3. e3 Bf5 4. Nf3 e6 5. c4 Bb4+ 6. Nc3 0-0 7. a3 Bxc3+ 8. bxc3 Ne4 9. Qb3 b6 10. cxd5 exd5 11. Be2 c5 12. c4 Nc6 13. cxd5 Na5 14. Qb2 Qxd5 15. dxc5 Nxc5 16. 0-0 Rac8 17. Rfd1 Qb7 18. Nd4 Be4 19. Bf3 Bxf3 20. Nxf3 Ne6 21. Bg3 Nc4 22. Qb5 a6 23. Qb4 a5 24. Qb5 Rc5 25. Rd7 Qc8 0-1

[Event "Basso Veronese op 5th"]
[Site "Casaleone"]
[Date "2012.05.??"]
[Round "6"]
[White "Rizzati, Aldo"]
[Black "Bozzi, Gianni Moritz"]
[Result "1-0"]
[WhiteElo "1931"]
[BlackElo "2190"]
[PlyCount "45"]
[EventDate "2012.05.19"]
[EventType "swiss"]
[EventRounds "6"]
[EventCountry "ITA"]
[SourceTitle "EXT 2014"]
[Source "ChessBase"]
[SourceDate "2013.11.20"]
[SourceVersion "1"]
[SourceVersionDate "2013.11.20"]
[SourceQuality "1"]

1. e4 Nf6 2. e5 Nd5 3. d4 d6 4. c4 Nb6 5. f4 dxe5 6. fxe5 Nc6 7. Be3 Bf5 8. Nf3 e6 9. Nc3 Be7 10. Bd3 Bxd3 11. Qxd3 0-0 12. 0-0 f6 13. Qe2 Qe8 14. Rad1 Rd8 15. Bf2 fxe5 16. dxe5 Qh5 17. Nb5 Rf5 18. Rxd8+ Bxd8 19. Bg3 a6 20. Nc3 Qg4 21. Ne4 Nxe5 22. Bxe5 Rxe5 23. Qd3 1-0

[Event "Basso Veronese op 5th"]
[Site "Casaleone"]
[Date "2012.05.??"]
[Round "4"]
[White "Rizzati, Aldo"]
[Black "Negro, Roberto"]
[Result "0-1"]
[WhiteElo "1931"]
[BlackElo "2087"]
[PlyCount "134"]
[EventDate "2012.05.19"]
[EventType "swiss"]
[EventRounds "6"]
[EventCountry "ITA"]
[SourceTitle "EXT 2014"]
[Source "ChessBase"]
[SourceDate "2013.11.20"]
[SourceVersion "1"]
[SourceVersionDate "2013.11.20"]
[SourceQuality "1"]

1. e4 g6 2. d4 Bg7 3. c4 d6 4. Nf3 Nd7 5. Be2 c5 6. 0-0 b6 7. Nc3 Bb7 8. Be3 cxd4 9. Bxd4 Ngf6 10. e5 dxe5 11. Nxe5 0-0 12. Bf3 Bxf3 13. Qxf3 Nxe5 14. Bxe5 Qc8 15. b3 Qf5 16. Qxf5 gxf5 17. Rad1 Rfd8 18. f3 e6 19. Nb5 Ne8 20. Bxg7 Kxg7 21. Kf2 Kf6 22. Ke3 e5 23. a3 f4+ 24. Ke2 a6 25. Nc3 Nc7 26. Ne4+ Ke7 27. Nc3 Rab8 28. g3 fxg3 29. hxg3 Ne6 30. Kf2 Nd4 31. Rd3 Kf8 32. Rfd1 Rdc8 33. Ne2 Ne6 34. Rd5 Rc5 35. R1d3 b5 36. cxb5 Rbxb5 37. Rd6 a5 38. Ra6 Rc7 39. a4 Rbc5 40. Ke3 Kg7 41. f4 exf4+ 42. gxf4 Rh5 43. Kd2 h6 44. Rg3+ Kf8 45. Ra8+ Ke7 46. Re3 Kf6 47. Ra6 Kg7 48. Rg3+ Kh7 49. Ra8 Ng7 50. Rg2 Re7 51. Ng3 Rd5+ 52. Kc2 Rc7+ 53. Kb2 Rd4 54. f5 Rg4 55. Rxa5 Nh5 56. Nxh5 Rxg2+ 57. Ka3 Rcc2 58. Rb5 Rh2 59. Nf4 Ra2+ 60. Kb4 Rh4 61. Kc5 Rxf4 62. Kd6 Raf2 63. b4 h5 64. Ke7 R4f3 65. Rb7 h4 66. a5 h3 67. a6 h2 0-1

[Event "EU-chT Railways USIC"]
[Site "Dresden"]
[Date "2000.06.24"]
[Round "7.3"]
[White "Agterberg, Jos"]
[Black "Rizzati, Aldo"]
[Result "0-1"]
[WhiteElo "1772"]
[BlackElo "1826"]
[PlyCount "86"]
[EventDate "2000.06.19"]
[EventType "team-swiss"]
[EventRounds "7"]
[EventCountry "GER"]
[SourceTitle "EXT 2002"]
[Source "ChessBase"]
[SourceDate "2001.11.25"]
[SourceVersion "1"]
[SourceVersionDate "2001.11.25"]
[SourceQuality "1"]
[WhiteTeam "Netherlands (USIC)"]
[BlackTeam "Italy (USIC)"]
[WhiteTeamCountry "NED"]
[BlackTeamCountry "ITA"]

1. e4 e5 2. Nf3 Nc6 3. Bc4 Nf6 4. d3 Be7 5. c3 d6 6. Nbd2 Bg4 7. Nf1 0-0 8. Ng3 Na5 9. Bb5 c6 10. Ba4 b5 11. Bc2 Qc7 12. h3 Be6 13. Nf5 Bxf5 14. exf5 d5 15. d4 exd4 16. Nxd4 Rfe8 17. 0-0 a6 18. b3 Rad8 19. Nf3 Ne4 20. Bb2 Bf6 21. Nd4 c5 22. Ne2 b4 23. Bxe4 dxe4 24. Qc2 Qe5 25. Rab1 Qxf5 26. Ng3 Qf4 27. Nh5 Qd2 28. Nxf6+ gxf6 29. Qc1 Re6 30. cxb4 Qxc1 31. Bxc1 cxb4 32. Be3 Nc6 33. Kh2 Rd3 34. Rbc1 Kg7 35. Rfd1 Rxd1 36. Rxd1 f5 37. Rd5 Kg6 38. h4 h5 39. Rd7 Ne5 40. Rb7 Nd3 41. Rb8 f4 42. Bd4 e3 43. f3 f6 0-1

[Event "EU-chT Railways USIC"]
[Site "Dresden"]
[Date "2000.06.22"]
[Round "4.3"]
[White "Rizzati, Aldo"]
[Black "Nikogeorgos, Athanasios"]
[Result "1-0"]
[WhiteElo "1826"]
[BlackElo "1780"]
[PlyCount "113"]
[EventDate "2000.06.19"]
[EventType "team-swiss"]
[EventRounds "7"]
[EventCountry "GER"]
[SourceTitle "EXT 2002"]
[Source "ChessBase"]
[SourceDate "2001.11.25"]
[SourceVersion "1"]
[SourceVersionDate "2001.11.25"]
[SourceQuality "1"]
[WhiteTeam "Italy (USIC)"]
[BlackTeam "Greece (USIC)"]
[WhiteTeamCountry "ITA"]
[BlackTeamCountry "GRE"]

1. e4 e6 2. d4 d5 3. Nc3 c5 4. exd5 exd5 5. dxc5 Bxc5 6. Qxd5 Qxd5 7. Nxd5 Bd6 8. Be3 Be6 9. 0-0-0 Ne7 10. Nxe7 Bxe7 11. Bb5+ Nc6 12. Nf3 0-0 13. Kb1 a6 14. Bxc6 bxc6 15. Nd4 Bd5 16. Nf5 Bf6 17. f3 Rab8 18. Bd4 Bxd4 19. Nxd4 Rb7 20. Rhe1 Rd7 21. Nf5 Rfd8 22. b3 g6 23. Ne7+ Kf8 24. Nxd5 cxd5 25. Rd4 Rd6 26. Re5 f6 27. Re2 Re8 28. Rxe8+ Kxe8 29. Kc1 Kd7 30. Kd2 Kc6 31. b4 Re6 32. a4 Rd6 33. Kd3 Rd7 34. c4 dxc4+ 35. Kxc4 Rc7 36. h4 f5 37. Rd8 Re7 38. Rd2 Rc7 39. Rd8 Re7 40. Kd3 Kc7 41. Ra8 Kb7 42. Rf8 Rd7+ 43. Ke3 Re7+ 44. Kf4 Re2 45. g3 Rb2 46. Rf7+ Kc6 47. b5+ axb5 48. axb5+ Rxb5 49. Rxh7 Rb4+ 50. Ke5 Rb3 51. Rg7 Rxf3 52. Rxg6+ Kd7 53. h5 Ke7 54. h6 Kf7 55. Rg7+ Kf8 56. Rg5 f4 57. h7 1-0

[Event "Caorle op-B"]
[Site "Caorle"]
[Date "1991.07.12"]
[Round "7.9"]
[White "Rizzati, Aldo"]
[Black "Redo, Nicola"]
[Result "0-1"]
[WhiteElo "1921"]
[BlackElo "1994"]
[PlyCount "116"]
[EventDate "1991.07.05"]
[EventType "swiss"]
[EventRounds "8"]
[EventCountry "ITA"]
[SourceTitle "EXT 2023"]
[Source "ChessBase"]
[SourceDate "2022.10.05"]
[SourceVersion "1"]
[SourceVersionDate "2022.10.05"]
[SourceQuality "1"]

1. d4 Nf6 2. c4 g6 3. Nc3 Bg7 4. e4 0-0 5. Nf3 d6 6. Be2 e5 7. Be3 c6 8. 0-0 Nbd7 9. Rb1 a5 10. Qc2 exd4 11. Bxd4 Re8 12. Rfd1 Qe7 13. Bf1 Ne5 14. Nxe5 dxe5 15. Bb6 Nd7 16. Be3 Nc5 17. a3 Ne6 18. b4 axb4 19. axb4 Nd4 20. Qb2 Be6 21. Ra1 h5 22. Na4 f5 23. f3 fxe4 24. fxe4 h4 25. h3 b5 26. cxb5 cxb5 27. Nb6 Rxa1 28. Rxa1 Qb7 29. Nd5 Bxd5 30. exd5 Qxd5 31. Ra7 Nf5 32. Bc5 e4 33. Rxg7+ Nxg7 34. Bxb5 Rb8 35. Qe2 Qe5 36. Qc4+ Kh7 37. Bc6 Rd8 38. Bxe4 Rd1+ 39. Kf2 Qg3+ 40. Ke2 Qe1+ 41. Kf3 Qg3+ 42. Ke2 Qe1+ 43. Kf3 Rc1 44. Qd4 Rc3+ 45. Bd3 Qf1+ 46. Ke4 Qxg2+ 47. Ke5 Qg5+ 48. Ke4 Qf5+ 49. Ke3 Qxh3+ 50. Kd2 Ra3 51. b5 Qg2+ 52. Qf2 Ra2+ 53. Bc2 Qxf2+ 54. Bxf2 h3 55. Bg1 Ne6 56. Kc3 Ra1 57. Bh2 Nd8 58. Bc7 Nb7 0-1

[Event "Caorle op-B"]
[Site "Caorle"]
[Date "1991.07.07"]
[Round "2.34"]
[White "Rizzati, Aldo"]
[Black "Militello, Vincenzo"]
[Result "1-0"]
[WhiteElo "1921"]
[BlackElo "1800"]
[PlyCount "117"]
[EventDate "1991.07.05"]
[EventType "swiss"]
[EventRounds "8"]
[EventCountry "ITA"]
[SourceTitle "EXT 2023"]
[Source "ChessBase"]
[SourceDate "2022.10.05"]
[SourceVersion "1"]
[SourceVersionDate "2022.10.05"]
[SourceQuality "1"]

1. e4 d6 2. d4 Nf6 3. Nc3 g6 4. Nf3 Bg7 5. h3 Nbd7 6. Bc4 0-0 7. 0-0 c5 8. Be3 a6 9. a4 Nb6 10. Be2 cxd4 11. Bxd4 Qc7 12. e5 Ne8 13. a5 Nd7 14. Nd5 Qd8 15. exd6 Nxd6 16. Re1 Nf5 17. Bxg7 Kxg7 18. Bd3 e6 19. Bxf5 exd5 20. Qd4+ Qf6 21. Bxd7 Bxd7 22. Qxd5 Bc6 23. Qe5 Bxf3 24. gxf3 Rfe8 25. Qxf6+ Kxf6 26. Re3 Rac8 27. c3 Re5 28. Ra4 Rg5+ 29. Kf1 Rcc5 30. Rb4 Rb5 31. Rxb5 Rxb5 32. b4 Rh5 33. Kg2 Rg5+ 34. Kh2 Rf5 35. h4 Rf4 36. Kg3 Rc4 37. f4 h5 38. f3 Rc6 39. Rd3 Ke7 40. f5 gxf5 41. Kf4 Kf6 42. Rd7 b5 43. axb6 Rxb6 44. Rd5 Rc6 45. Rxf5+ Kg6 46. Rg5+ Kh6 47. Ra5 f6 48. Rc5 Rb6 49. Kf5 Rd6 50. c4 Rb6 51. b5 axb5 52. cxb5 Kg7 53. Ke4 Kg6 54. f4 Re6+ 55. Kd3 Re1 56. f5+ Kf7 57. b6 Rb1 58. Rc7+ Ke8 59. b7 1-0